| 000 | 01144cam a22002295a 4500 | ||
|---|---|---|---|
| 001 | L150121 | ||
| 008 | 100604e2010 xxk 000 0 eng d | ||
| 035 | _a(Sirsi) u150121 | ||
| 041 | 0 | _aeng | |
| 100 | 1 | _aEade, Christine | |
| 245 | 0 | 0 |
_aMarkets _bEast of England |
| 260 | _c2010 | ||
| 490 | 0 |
_aProperty Week _v76(21) 28 May 2010, 43-52(5) |
|
| 520 | _aCambridge's retail market faces falling rents, some prime zone A rents 40% lower than at their 2008 peak. Cambridge Science Park celeb rates its 49th anniversary. Papworth Hospital's move to the Cambridge Biomedical Campus needs reconfirming after change of government. Aviva consolidates its Norwich property portfolio into its Broadland Business Park HQ. ATB Laurence Scott, the electrical motor manufacturer, will remain in Norwich city centre with the £5m purchase of the former Gothic Works site. £25m Peterborough Garden Park to be officially opened on 8 July 2010. | ||
| 590 | _aKA | ||
| 651 | 4 | _aCambridge | |
| 651 | 4 | _aNorwich | |
| 651 | 4 | _aPeterborough | |
| 690 | _aPROPERTY-COMMERCIAL PROPERTY-COMMERCIAL PROPERTY MARKET | ||
| 700 | 1 | _aAldous, Peter | |
| 942 | _n0 | ||
| 999 |
_c82407 _d82407 |
||